Những cây thuốc và vị thuốc Việt Nam

Một số vấn đề chú ý khi sử dụng thuốc Nam. Bào chế thuốc theo Đông y. Cơ sở để xem xét tác dụng của thuốc theo khoa học hiện đại. Những cây thuốc và vị thuốc điều trị bệnh được xếp theo công dụng chữa từng loại bệnh. Mỗi cây thuốc...

ver descrição completa

Na minha lista:
Detalhes bibliográficos
Autor principal: Đỗ, Tất Lợi
Formato: Livro
Idioma:Undetermined
Publicado em: Hà Nội Y học 2001
Assuntos:
Tags: Adicionar Tag
Sem tags, seja o primeiro a adicionar uma tag!
Thư viện lưu trữ: Trung tâm Học liệu Trường Đại học Cần Thơ
LEADER 01183nam a2200229Ia 4500
001 CTU_191961
008 210402s9999 xx 000 0 und d
020 |c 210000 
082 |a 581.634 
082 |b L462 
100 |a Đỗ, Tất Lợi 
245 0 |a Những cây thuốc và vị thuốc Việt Nam 
245 0 |c Đỗ Tất Lợi 
260 |a Hà Nội 
260 |b Y học 
260 |c 2001 
520 |a Một số vấn đề chú ý khi sử dụng thuốc Nam. Bào chế thuốc theo Đông y. Cơ sở để xem xét tác dụng của thuốc theo khoa học hiện đại. Những cây thuốc và vị thuốc điều trị bệnh được xếp theo công dụng chữa từng loại bệnh. Mỗi cây thuốc được miêu tả kĩ càng, phân bố và chế biến, thành phần hoá học, công dụng và liều dùng trị bệnh. 
526 |a Tài nguyên thực vật 
526 |b TN705 
650 |a Folk drugs,Medicinal plants,Thảo dược 
904 |i Hải 
980 |a Trung tâm Học liệu Trường Đại học Cần Thơ